000 00496nam a2200145Ia 4500
008 180921t xxu||||| ||||o00| 0 eng d
041 _aeng
080 _aThe Ordinances Of Ceylon 1945
245 _aordinance No.50 of 1945. L.D.-O.30/45 An ordinance To Amend The Courts ordinance.[ Date of Governor's Assent : December 13,1945.] [ Date of Governor's Assent : December 13,1945]
300 _a23 cm
650 _aCourts
942 _cBK
999 _c50292
_d50292
003 LK-CoDNM
040 _aLK-CoDNM
_dLK-CoDNM
_eLK-CoDNM